Współczesne państwa na terenie prowincji rzymskich - Statystyki

Ogólne statystyki
  • Ten quiz został rozwiązany 1 018 razy
  • Średni wynik to 13 z 22
Statystyki odpowiedzi
Prowincja rzymska Współczesne państwa % Poprawnych
Italia Włochy
100%
Egipt Egipt
99%
Brytania Wielka Brytania
98%
Germania Superior Niemcy, Francja
93%
Tracja Turcja, Bułgaria, Grecja
85%
Afryka prokonsularna Tunezja, Libia
83%
Arabia Syria, Jordania, Egipt, Izrael, Arabia Saudyjska
76%
Galia Narbońska Francja
75%
Mauretania Maroko, Algieria
75%
Macedonia Grecja, Albania, Macedonia Północna, Bułgaria
74%
Mezopotamia Irak
68%
Luzytania Portugalia, Hiszpania
50%
Fenicja Syria, Izrael, Liban
49%
Illiria Albania, Chorwacja, Bośnia i Hercegowina, Czarnogóra, Serbia, Macedonia Północna
47%
Dacja Rumunia
44%
Kapadocja Turcja
44%
Epir Grecja, Albania
42%
Akwitania Francja
41%
Panonia Węgry, Chorwacja, Austria, Serbia, Słowenia
39%
Recja Niemcy, Szwajcaria, Liechtenstein, Austria
24%
Noricum Austria, Słowenia
18%
Mezja Inferior Bułgaria, Rumunia
17%
Nie znaleziono quizów pasujących do podanych kryteriów
Rozkład punktacji
Procent ludzi z każdym wynikiem
Percentyl według liczby udzielonych odpowiedzi
Twoja historia wyników
Nie rozwiązałeś tego quizu